000
00252nam a2200109Ia 4500
008
200302s9999 xx 000 0 und d
100
_a
Jaffeholden
245
_a
Theaters 2
260
_b
Images Publishing Group Ltd.
260
_c
2009
300
_a
232 P.,
999
_c
2893
_d
2893